000 00311nam a2200121Ia 4500
008 240731s9999 xx 000 0 und d
022 _a1748-8605
245 0 _aCritique : Journal of Socialist Theory
260 _bRoutledge
856 _uhttps://www.tandfonline.com/loi/rcso20
942 _2ddc
942 _cTFEJ
999 _c76160
_d76160
945 _a1
_bMadushi Gamage
_c1
_dMadushi Gamage